| 000 | 01629nam a22002417a 4500 | ||
|---|---|---|---|
| 999 |
_c60304 _d60304 |
||
| 003 | Ge_BSU | ||
| 005 | 20230627155008.0 | ||
| 008 | 230627s2010 ge ||||| |||| 00| 0 geo d | ||
| 020 | _a9789941022944 | ||
| 041 | _ageo | ||
| 080 | _a666.5(430) ა-96 | ||
| 100 |
_aახალკაცი, ნოდარ _95480 |
||
| 245 |
_aმეისენის ფაიფური : _b[ისტორია, ტექნოლოგია, დამღები, რჩევები ფაიფურის მოყვარულებს] / _cნ. ახალკაცი ; [რედ. ელდარ ნადირაძე ; მხატვ. გაფორმება ავტ. ; ფოტო: გურამ ბუმბიაშვილი, ნოდარ ახალკაცი ; საქ. ეროვნ. მუზეუმი]. |
||
| 264 |
_aთბილისი : _b"ფაუნტეინ ჯორჯია", _c 2010. |
||
| 300 |
_a111გვ. : _bილ. ; _c24სმ. |
||
| 500 | _aყდა: "ახალგაზრდა პატარძალი". ესკიზის ავტ. მ.ვ. ასიე. 1780 წ.. "დღე და ღამე". მე-19 ს. | ||
| 504 | _aბიბლიოგრ.: გვ. 100. | ||
| 653 | _aფაიფურის წარმოება გერმანიაში | ||
| 700 |
_aნადირაძე, ელდარ _eრედაქტორი _919007 |
||
| 700 |
_aბუმბიაშვილი, გურამ _eფოტო _919008 |
||
| 700 |
_aახალკაცი, ნოდარ _eფოტო _95480 |
||
| 942 |
_2udc _cBK |
||